<?xml version="1.0" encoding="UTF-8"?><?xml-stylesheet type="text/xsl" href="static/style.xsl"?><OAI-PMH xmlns="http://www.openarchives.org/OAI/2.0/" xmlns:xsi="http://www.w3.org/2001/XMLSchema-instance" xsi:schemaLocation="http://www.openarchives.org/OAI/2.0/ http://www.openarchives.org/OAI/2.0/OAI-PMH.xsd"><responseDate>2026-04-17T03:49:51Z</responseDate><request verb="GetRecord" identifier="oai:www.recercat.cat:2445/226785" metadataPrefix="marc">https://recercat.cat/oai/request</request><GetRecord><record><header><identifier>oai:recercat.cat:2445/226785</identifier><datestamp>2026-04-07T19:40:25Z</datestamp><setSpec>com_2072_1057</setSpec><setSpec>col_2072_478782</setSpec><setSpec>col_2072_478917</setSpec></header><metadata><record xmlns="http://www.loc.gov/MARC21/slim" xmlns:dcterms="http://purl.org/dc/terms/" xmlns:xsi="http://www.w3.org/2001/XMLSchema-instance" xmlns:doc="http://www.lyncode.com/xoai" xsi:schemaLocation="http://www.loc.gov/MARC21/slim http://www.loc.gov/standards/marcxml/schema/MARC21slim.xsd">
   <leader>00925njm 22002777a 4500</leader>
   <datafield ind2=" " ind1=" " tag="042">
      <subfield code="a">dc</subfield>
   </datafield>
   <datafield ind2=" " ind1=" " tag="720">
      <subfield code="a">Wu, Yuanbing</subfield>
      <subfield code="e">author</subfield>
   </datafield>
   <datafield ind2=" " ind1=" " tag="720">
      <subfield code="a">Rashidpour, Ania</subfield>
      <subfield code="e">author</subfield>
   </datafield>
   <datafield ind2=" " ind1=" " tag="720">
      <subfield code="a">Fàbregas, Anna</subfield>
      <subfield code="e">author</subfield>
   </datafield>
   <datafield ind2=" " ind1=" " tag="720">
      <subfield code="a">Almajano Pablos, Ma. Pilar (María Pilar)</subfield>
      <subfield code="e">author</subfield>
   </datafield>
   <datafield ind2=" " ind1=" " tag="720">
      <subfield code="a">Metón Teijeiro, Isidoro</subfield>
      <subfield code="e">author</subfield>
   </datafield>
   <datafield ind2=" " ind1=" " tag="260">
      <subfield code="c">2026-02-11T09:43:56Z</subfield>
   </datafield>
   <datafield ind2=" " ind1=" " tag="260">
      <subfield code="c">2026-02-11T09:43:56Z</subfield>
   </datafield>
   <datafield ind2=" " ind1=" " tag="260">
      <subfield code="c">2024-04-09</subfield>
   </datafield>
   <datafield ind2=" " ind1=" " tag="260">
      <subfield code="c">2026-02-11T09:43:56Z</subfield>
   </datafield>
   <datafield ind2=" " ind1=" " tag="520">
      <subfield code="a">Omega-3 long-chain polyunsaturated fatty acids (n-3 LC-PUFA) are essential fatty acids required in healthy balanced diets for humans. To induce sustained production of n-3 LC-PUFA in gilthead seabream (Sparus aurata), chitosan-tripolyphosphate (TPP) nanoparticles encapsulating plasmids expressing fish codon-optimised Caenorhabditis elegans FAT-1 and FAT-2 were intraperitoneally administered every 4 weeks (3 doses in total, each of 10 μg plasmid per g of body weight). Growth performance and metabolic effects of chitosan-TPP complexed with pSG5 (empty plasmid), pSG5-FAT-1, pSG5-FAT-2 and pSG5-FAT-1 + pSG5-FAT-2 were assessed 70 days post-treatment. Tissue distribution analysis showed high expression levels of fish codon-optimised FAT-1 and FAT-2 in the liver (> 200-fold). Expression of fat-1 and fat-1 + fat-2 increased weight gain. Fatty acid methyl esters assay revealed that co-expression of fat-1 and fat-2 increased liver production and muscle accumulation of eicosapentaenoic acid (EPA), docosahexaenoic acid (DHA) and total n-3 LC-PUFA, while decreased the n-6/n-3 ratio. Co-expression of fat-1 and fat-2 downregulated srebf1 and genes encoding rate-limiting enzymes for de novo lipogenesis in the liver, leading to decreased circulating triglycerides and cholesterol. In contrast, FAT-2 and FAT-1 + FAT-2 upregulated hepatic hnf4a, nr1h3 and key enzymes in glycolysis and the pentose phosphate pathway. Our findings demonstrate for the first time efficient and sustained production of EPA and DHA in animals after long-term treatment with chitosan-TPP-DNA nanoparticles expressing FAT-1 and FAT-2, which enabled the production of functional fish rich in n-3 LC-PUFA for human consumption.</subfield>
   </datafield>
   <datafield tag="653" ind2=" " ind1=" ">
      <subfield code="a">Àcids grassos omega-3</subfield>
   </datafield>
   <datafield tag="653" ind2=" " ind1=" ">
      <subfield code="a">Orada</subfield>
   </datafield>
   <datafield tag="653" ind2=" " ind1=" ">
      <subfield code="a">Quitosan</subfield>
   </datafield>
   <datafield tag="653" ind2=" " ind1=" ">
      <subfield code="a">Omega-3 fatty acids</subfield>
   </datafield>
   <datafield tag="653" ind2=" " ind1=" ">
      <subfield code="a">Sparus aurata</subfield>
   </datafield>
   <datafield tag="653" ind2=" " ind1=" ">
      <subfield code="a">Chitosan</subfield>
   </datafield>
   <datafield ind2="0" ind1="0" tag="245">
      <subfield code="a">Chitosan-based delivery of fish codon-optimised Caenorhabditis elegans FAT-1 and FAT-2 boosts EPA and DHA biosynthesis in Sparus aurata</subfield>
   </datafield>
</record></metadata></record></GetRecord></OAI-PMH>